EPIC: The Musical - Lyrics Sort #15 - Wouldn't You Like - Statistics

General Stats
  • This quiz has been taken 138 times
  • The average score is 32 of 59
Answer Stats
Hint Answer % Correct
Line 1 I must say what a brilliant speech you gave
99%
Line 4 A foe like Circe is not to be messed with
94%
Line 3 Just a friend who could help you save your men
94%
Line 2 Who goes there?
94%
Line 6 You'll need the blessing of a certain god
85%
Line 7 Divine intervention
80%
Line 8 Someone who's not afraid to send a message
80%
Line 9 Hermes? [1]
77%
Line 5 You want to beat her?
76%
Line 11 Wouldn't you like a taste of the power? [1]
73%
Line 12 Wouldn't you like to use more than words? [1]
69%
Line 15 Wouldn't you like to have some of the magic? [1]
58%
Line 10 Ahahahahaha!
56%
Line 16 Wouldn't you like your outcome preferred? [1]
56%
Line 14 You can be hurt or you can beat her [1]
56%
Line 17 Deep in the night, the fight can be tragic [1]
54%
Line 18 I'll help you conquer her [1]
52%
Line 20 She can all but make you fall in love like you're on your hundredth date
52%
Line 22 She has all the ways to haunt you, when you take her on alone
52%
Line 21 She can conjure up a monster that'll grind you to the bones
51%
Line 19 She can turn you into an animal that'll end up on her plate
51%
Line 23 Wouldn't you like a taste of the power? [2]
51%
Line 38 And I call this root, Holy Moly
49%
Line 25 Deep in the night, the fight lasts for hours [2]
49%
Line 27 Wouldn't you like to have some of the magic? [2]
49%
Line 24 Wouldn't you like to use more than words? [2]
49%
Line 35 All you need's imagination
48%
Line 29 Deep in the night, the fight can be tragic [2]
48%
Line 13 Deep in the night, the fight lasts for hours [1]
48%
Line 31 Oh-oh, here in the root of this flower
48%
Line 34 Then you'll manifest a being of your creation
48%
Line 36 Though it's only for a moment
48%
Line 37 Til you've beaten your opponent
48%
Line 28 Wouldn't you like your outcome preferred? [2]
48%
Line 33 You must consume and digest it
48%
Line 45 Deep in the night, the fight can be tragic [3]
46%
Line 32 There lies such a power to take her on
46%
Line 40 Wouldn't you like to use more than words? [3]
46%
Line 30 I'll help you conquer her [2]
45%
Line 46 I'll help you conquer her [3]
45%
Line 39 Wouldn't you like a taste of the power? [3]
45%
Line 44 Wouldn't you like your outcome preferred? [3]
45%
Line 26 You can be hurt or you can beat her [2]
45%
Line 47 Wouldn't you like a taste of the power? [4]
44%
Line 43 Wouldn't you like to have some of the magic? [3]
44%
Line 48 Wouldn't you like to use more than words? [4]
44%
Line 42 You can be hurt or you can beat her [3]
44%
Line 41 Deep in the night, the fight lasts for hours [3]
42%
Line 59 Good luck
42%
Line 57 Don't thank me, friend
41%
Line 55 Hermes [2]
41%
Line 56 Thank you
41%
Line 58 You very well may die
41%
Line 53 Deep in the night, the fight can be tragic [4]
39%
Line 49 Deep in the night, the fight lasts for hours [4]
39%
Line 51 Wouldn't you like to have some of the magic? [4]
39%
Line 52 Wouldn't you like your outcome preferred? [4]
39%
Line 54 I'll help you conquer her [4]
38%
Line 50 You can be hurt or you can beat her [4]
38%
No matching quizzes found
Score Distribution
Percent of People with Each Score
Percentile by Number Answered
Your Score History
You have not taken this quiz